Slovak journal of animal science
| Predchádzajúci názov: | Journal of farm animal science |
|---|---|
| Ďalší autori: | , |
| Médium: | Časopis |
| Jazyk: | angličtina |
| Fyzický popis: | zv. ilustr., tab. 30 cm Online vydanie: Slovak journal of animal science (Online) ISSN 1338-0095 |
| Vydavateľské údaje: |
Nitra
SCP Výskumný ústav živočíšnej výroby
2006-2025
Nitra Animal Production Research Centre Lužianky Národné poľnohospodárske a potravinárske centrum Výskumný ústav živočíšnej výroby Nitra |
| ISSN: | 1337-9984 1335-3683 |
| Predmet: | |
| On-line prístup: | http://www.cvzv.sk/index.php/slovak-journal-of-animal-science |
MARC
| LEADER | 00000cas a2200000 a 4500 | ||
|---|---|---|---|
| 001 | vtls010040387 | ||
| 003 | SK-MaSNL | ||
| 005 | 20260228163837.0 | ||
| 008 | 141119d20062025xo qr p 0 b0eng | ||
| 022 | |a 1337-9984 |y 1335-3683 | ||
| 040 | |a SVKBB |b slo |c SVKBB |d SAVUK |d SNK |e AACR2 | ||
| 041 | 0 | |a eng |b eng | |
| 044 | |a xo |c SK | ||
| 072 | 7 | |a 636 |x Chov zvierat. Živočíšna výroba |2 konspekt | |
| 080 | |a 636 |2 2011 | ||
| 080 | |a 050 |2 2011 | ||
| 080 | |a 001(051) |2 2011 | ||
| 210 | 0 | |a Slovak j. anim. sci. |b (Tlačené vyd.) | |
| 222 | 0 | |a Slovak journal of animal science |b (Tlačené vydanie) | |
| 245 | 0 | 0 | |a Slovak journal of animal science |
| 260 | |a Nitra |b SCP Výskumný ústav živočíšnej výroby |c 2006-2025 | ||
| 260 | 2 | |3 2009- |a Nitra |b Animal Production Research Centre | |
| 260 | 3 | |3 2014- |a Lužianky |b Národné poľnohospodárske a potravinárske centrum |b Výskumný ústav živočíšnej výroby Nitra | |
| 300 | |a zv. |b ilustr., tab. |c 30 cm | ||
| 310 | |a 4x ročne | ||
| 362 | 0 | |a Vol. 39 (1), no. 1/2 (June 2006)- 3/2025 | |
| 500 | |a Od č. 2/2009 uvedené nové ISSN | ||
| 500 | |a Od č. 2/2009 na druhej strane obálky za názvom údaj: formely journal of farm animal science | ||
| 500 | |a Registračné č. MK SR: EV 3659/09 | ||
| 500 | |a Šéfredaktor: 2006-2017, Hetényi, Ladislav ; 2018- , Peter Chrenek | ||
| 504 | |a Bibliogr. | ||
| 530 | |a Online vydanie: Slovak journal of animal science (Online) ISSN 1338-0095 | ||
| 546 | |a Res. angl. | ||
| 650 | 0 | 7 | |a živočíšna výroba |2 SNKPH |9 2836 |
| 650 | 0 | 7 | |a Animal industry |2 SNKPHeng |9 265282 |
| 655 | 7 | |a vedecké časopisy |2 SNKPH |9 70520 | |
| 655 | 7 | |a Scientific journals |2 SNKPHeng |9 265227 | |
| 700 | 1 | |a Hetényi, Ladislav, |d 1951- |4 pbd |9 23168 | |
| 700 | 1 | |a Chrenek, Peter, |d 1969- |4 pbd |9 200419 | |
| 710 | 2 | |a Centrum výskumu živočíšnej výroby (Nitra, Slovensko) |4 pbl |9 274796 | |
| 780 | 0 | 0 | |t Journal of farm animal science |x 1335-3683 |w vtls001474472 |
| 852 | |a Štátna vedecká knižnica v Banskej Bystrici | ||
| 856 | 4 | 1 | |u http://www.cvzv.sk/index.php/slovak-journal-of-animal-science |
| 910 | |a savuk | ||
| 910 | |a snk | ||
| 916 | |a 2006-2013, 2014-2018, 2019, 2020, 2021 | ||
| 999 | |c 11040 |d 12970 | ||
| 952 | |0 0 |1 0 |4 0 |7 0 |8 0 |a SNK |b SNK |d 2025-04-16 |i snk2025/6608 |l 0 |o snkČSB 5860/54/2021 D1 |p 17A1556364 |r 2026-02-21 19:48:28 |t č. 1-4 |w 2026-02-21 |y PREZ | ||
| 952 | |0 0 |1 0 |4 0 |7 0 |8 0 |a SNK |b SNK |d 2025-04-16 |f 1 |i snk2025/6609 |l 0 |o snkČSB 5860/55/2022 |p 17A1556365 |r 2026-02-21 19:48:28 |t č. 1-4 |w 2026-02-21 |y PREZ | ||
| 952 | |0 0 |1 0 |4 0 |7 3 |8 0 |a SNK |b SNK |d 2025-04-16 |i snk2025/6610 |l 0 |o snkČSB 5860/55/2022 D1 |p 17A1556366 |r 2026-02-21 19:48:28 |t č. 1-4 |w 2026-02-21 |y PREZ | ||
| 952 | |0 0 |1 0 |4 0 |7 0 |8 0 |a SNK |b SNK |d 2025-04-16 |f 1 |i snk2025/6615 |l 0 |o snkČSB 5860/56/2023 |p 17A1556367 |r 2026-02-21 19:48:28 |t č. 1-4 |w 2026-02-21 |y PREZ | ||
| 952 | |0 0 |1 0 |4 0 |7 0 |8 0 |a SNK |b SNK |d 2025-04-16 |i snk2025/6616 |l 0 |o snkČSB 5860/56/2023 D1 |p 17A1556368 |r 2026-02-21 19:48:28 |t č. 1-4 |w 2026-02-21 |y PREZ | ||
| 952 | |0 0 |1 0 |4 0 |7 0 |8 0 |a SNK |b SNK |d 2021-05-31 |f 1 |i snk2021/6029 |l 0 |o snkČSB 5860/53/2020 |p 17A1434289 |r 2026-02-21 19:53:06 |t č. 1-4 |w 2026-02-21 |y PREZ | ||
| 952 | |0 0 |1 0 |4 0 |7 0 |8 0 |a SNK |b SNK |d 2014-02-17 |f 1 |i snk2014/4553 |l 0 |o snkČSB 5860/40/2007 |p 17A1087525 |r 2026-02-21 19:57:10 |t č. 1-4 |w 2026-02-21 |y PREZ | ||
| 952 | |0 0 |1 0 |4 0 |7 0 |8 0 |a SNK |b SNK |d 2014-02-17 |f 1 |i snk2014/4554 |l 0 |o snkČSB 5860/41/2008 |p 17A1087526 |r 2026-02-21 19:57:10 |t č. 1-4 |w 2026-02-21 |y PREZ | ||
| 952 | |0 0 |1 0 |4 0 |7 0 |8 0 |a SNK |b SNK |d 2014-02-17 |i snk2014/4555 |l 0 |o snkČSB 5860/39/2006 D1 |p 17A1087527 |r 2026-02-21 19:57:10 |t č. 1-4 |w 2026-02-21 |y PREZ | ||
| 952 | |0 0 |1 0 |4 0 |7 0 |8 0 |a SNK |b SNK |d 2014-02-17 |i snk2014/4556 |l 0 |o snkČSB 5860/40/2007 D1 |p 17A1087528 |r 2026-02-21 19:57:17 |t č. 1-4 |w 2026-02-21 |y PREZ | ||
| 952 | |0 0 |1 0 |4 0 |7 0 |8 0 |a SNK |b SNK |d 2014-02-17 |i snk2014/4557 |l 0 |o snkČSB 5860/41/2008 D1 |p 17A1087529 |r 2026-02-21 19:57:17 |t č. 1-4 |w 2026-02-21 |y PREZ | ||
| 952 | |0 0 |1 0 |4 0 |7 0 |8 0 |a SNK |b SNK |d 2014-02-17 |f 1 |i snk2014/4552 |l 0 |o snkČSB 5860/39/2006 |p 17A1087524 |r 2026-02-21 20:06:18 |t č. 1-4 |w 2026-02-21 |y PREZ | ||
| 952 | |0 0 |1 0 |4 0 |7 0 |8 0 |a SNK |b SNK |d 2023-02-17 |i snk2023/2958 |l 0 |o snkČSB 5860/52/2019 D1 |p 17A1519776 |r 2026-02-21 20:11:44 |t č. 1-4 |w 2026-02-21 |y PREZ | ||
| 952 | |0 0 |1 0 |4 0 |7 0 |8 0 |a SNK |b SNK |d 2023-02-17 |i snk2023/2959 |l 0 |o snkČSB 5860/53/2020 D1 |p 17A1519777 |r 2026-02-21 20:11:44 |t č. 1-4 |w 2026-02-21 |y PREZ | ||
| 952 | |0 0 |1 0 |4 0 |7 0 |8 0 |a SNK |b SNK |d 2023-02-17 |f 1 |i snk2023/2936 |l 0 |o snkČSB 5860/54/2021 |p 17A1519902 |r 2026-02-21 20:17:56 |t č. 1-4 |w 2026-02-21 |y PREZ | ||
| 952 | |0 0 |1 0 |4 0 |7 0 |8 0 |a SNK |b SNK |d 2014-02-12 |f 1 |i snk2014/4330 |l 0 |o snkČSB 5860/42/2009 |p 17A1087492 |r 2026-02-21 20:32:08 |t č. 1-4 |w 2026-02-21 |y PREZ | ||
| 952 | |0 0 |1 0 |4 0 |7 0 |8 0 |a SNK |b SNK |d 2014-02-12 |i snk2014/4333 |l 0 |o snkČSB 5860/42/2009 D1 |p 17A1087493 |r 2026-02-21 20:32:08 |t č. 1-4 |w 2026-02-21 |y PREZ | ||
| 952 | |0 0 |1 0 |4 0 |7 0 |8 0 |a SNK |b SNK |d 2014-02-12 |f 1 |i snk2014/4334 |l 0 |o snkČSB 5860/43/2010 |p 17A1087494 |r 2026-02-21 20:32:20 |t č. 1-4 |w 2026-02-21 |y PREZ | ||
| 952 | |0 0 |1 0 |4 0 |7 0 |8 0 |a SNK |b SNK |d 2014-02-12 |i snk2014/4335 |l 0 |o snkČSB 5860/43/2010 D1 |p 17A1087495 |r 2026-02-21 20:32:20 |t č. 1-4 |w 2026-02-21 |y PREZ | ||
| 952 | |0 0 |1 0 |4 0 |7 0 |8 0 |a SNK |b SNK |d 2014-02-12 |f 1 |i snk2014/4337 |l 0 |o snkČSB 5860/44/2011 |p 17A1087496 |r 2026-02-21 20:32:20 |t č. 1-4 |w 2026-02-21 |y PREZ | ||
| 952 | |0 0 |1 0 |4 0 |7 0 |8 0 |a SNK |b SNK |d 2014-02-12 |i snk2014/4339 |l 0 |o snkČSB 5860/44/2011 D1 |p 17A1087497 |r 2026-02-21 20:32:20 |t č. 1-4 |w 2026-02-21 |y PREZ | ||
| 952 | |0 0 |1 0 |4 0 |7 0 |8 0 |a SNK |b SNK |d 2014-02-12 |f 1 |i snk2014/4340 |l 0 |o snkČSB 5860/45/2012 |p 17A1087498 |r 2026-02-21 20:32:20 |t č. 1-4 |w 2026-02-21 |y PREZ | ||
| 952 | |0 0 |1 0 |4 0 |7 0 |8 0 |a SNK |b SNK |d 2014-02-12 |i snk2014/4342 |l 0 |o snkČSB 5860/45/2012 D1 |p 17A1087499 |r 2026-02-21 20:32:20 |t č. 1-4 |w 2026-02-21 |y PREZ | ||
| 952 | |0 0 |1 0 |4 0 |7 0 |8 0 |a SNK |b SNK |d 2014-02-12 |f 1 |i snk2014/4343 |l 0 |o snkČSB 5860/46/2013 |p 17A1087500 |r 2026-02-21 20:32:20 |t č. 1-4 |w 2026-02-21 |y PREZ | ||
| 952 | |0 0 |1 0 |4 0 |7 0 |8 0 |a SNK |b SNK |d 2014-02-12 |i snk2014/4345 |l 0 |o snkČSB 5860/46/2013 D1 |p 17A1087501 |r 2026-02-21 20:32:20 |t č. 1-4 |w 2026-02-21 |y PREZ | ||
| 952 | |0 0 |1 0 |4 0 |7 0 |8 0 |a SNK |b SNK |d 2020-05-13 |f 1 |i snk2020/7456 |l 0 |o snkČSB 5860/52/2019 |p 17A1387134 |r 2026-02-21 21:53:12 |t č. 1-4 |w 2026-02-21 |y PREZ | ||
| 952 | |0 0 |1 0 |4 0 |7 0 |8 0 |a SNK |b SNK |d 2019-10-08 |f 1 |i snk2019/25313 |l 0 |o snkČSB 5860/47/2014 |p 17A1383668 |r 2026-02-21 22:00:08 |t č. 1-4 |w 2026-02-21 |y PREZ | ||
| 952 | |0 0 |1 0 |4 0 |7 0 |8 0 |a SNK |b SNK |d 2019-10-08 |i snk2019/25345 |l 0 |o snkČSB 5860/47/2014 D1 |p 17A1383669 |r 2026-02-21 22:00:08 |t č. 1-4 |w 2026-02-21 |y PREZ | ||
| 952 | |0 0 |1 0 |4 0 |7 0 |8 0 |a SNK |b SNK |d 2019-10-08 |f 1 |i snk2019/25349 |l 0 |o snkČSB 5860/48/2015 |p 17A1383670 |r 2026-02-21 22:00:08 |t č. 1-4 |w 2026-02-21 |y PREZ | ||
| 952 | |0 0 |1 0 |4 0 |7 0 |8 0 |a SNK |b SNK |d 2019-10-08 |i snk2019/25352 |l 0 |o snkČSB 5860/48/2015 D1 |p 17A1383671 |r 2026-02-21 22:00:08 |t č. 1-4 |w 2026-02-21 |y PREZ | ||
| 952 | |0 0 |1 0 |4 0 |7 0 |8 0 |a SNK |b SNK |d 2019-10-08 |f 1 |i snk2019/25354 |l 0 |o snkČSB 5860/49/2016 |p 17A1383672 |r 2026-02-21 22:00:08 |t č. 1-4 |w 2026-02-21 |y PREZ | ||
| 952 | |0 0 |1 0 |4 0 |7 0 |8 0 |a SNK |b SNK |d 2019-10-08 |i snk2019/25355 |l 0 |o snkČSB 5860/49/2016 D1 |p 17A1383673 |r 2026-02-21 22:00:08 |t č. 1-4 |w 2026-02-21 |y PREZ | ||
| 952 | |0 0 |1 0 |4 0 |7 0 |8 0 |a SNK |b SNK |d 2019-10-08 |f 1 |i snk2019/25356 |l 0 |o snkČSB 5860/50/2017 |p 17A1383674 |r 2026-02-21 22:00:08 |t č. 1-4 |w 2026-02-21 |y PREZ | ||
| 952 | |0 0 |1 0 |4 0 |7 0 |8 0 |a SNK |b SNK |d 2019-10-08 |i snk2019/25357 |l 0 |o snkČSB 5860/50/2017 D1 |p 17A1383675 |r 2026-02-21 22:00:08 |t č. 1-4 |w 2026-02-21 |y PREZ | ||
| 952 | |0 0 |1 0 |4 0 |7 0 |8 0 |a SNK |b SNK |d 2019-10-08 |f 1 |i snk2019/25359 |l 0 |o snkČSB 5860/51/2018 |p 17A1383676 |r 2026-02-21 22:00:08 |t č. 1-4 |w 2026-02-21 |y PREZ | ||
| 952 | |0 0 |1 0 |4 0 |7 0 |8 0 |a SNK |b SNK |d 2019-10-08 |i snk2019/25362 |l 0 |o snkČSB 5860/51/2018 D1 |p 17A1383677 |r 2026-02-21 22:00:08 |t č. 1-4 |w 2026-02-21 |y PREZ | ||


